|
|
|
|
| LEADER |
01189nam a2200385 4500 |
| 001 |
DLU090067448 |
| 005 |
##20090420 |
| 040 |
# |
# |
|a DLU
|b eng
|
| 041 |
# |
# |
|a eng
|
| 044 |
# |
# |
|a UK
|
| 245 |
# |
# |
|a Adaptive evolution of Hepcidin genes in antarctic notothenioid fishes /
|c Qianghua Xu, Chi-Hing Christina Cheng, Peng Hu, Hua Ye, Zuozhou Chen, Lixue Cao, Lei Chen, Yu Shen, Liangbiao Chen.
|
| 653 |
# |
# |
|a Cold adaptation
|
| 653 |
# |
# |
|a Gene duplication
|
| 653 |
# |
# |
|a Hepcidin
|
| 653 |
# |
# |
|a Iron regulation
|
| 653 |
# |
# |
|a Positive selection
|
| 700 |
# |
# |
|a Cao, Lixue.
|
| 700 |
# |
# |
|a Chen, Lei.
|
| 700 |
# |
# |
|a Chen, Liangbiao.
|
| 700 |
# |
# |
|a Chen, Zuozhou.
|
| 700 |
# |
# |
|a Cheng, Chi-Hing Christina.
|
| 700 |
# |
# |
|a Hu, Peng.
|
| 700 |
# |
# |
|a Shen, Yu.
|
| 700 |
# |
# |
|a Xu, Qianghua.
|
| 700 |
# |
# |
|a Ye, Hua.
|
| 773 |
# |
# |
|t Molecular Biology and Evolution
|g Vol. 25, no. 6 (June 2008), p. 1099-1112
|
| 920 |
# |
# |
|a Phòng Tạp chí -- Trung tâm Thông tin - Thư viện Trường Đại học Đà Lạt
|
| 994 |
# |
# |
|a DLU
|
| 900 |
# |
# |
|a True
|
| 911 |
# |
# |
|a Trương Bảo Trâm Anh
|
| 925 |
# |
# |
|a G
|
| 926 |
# |
# |
|a A
|
| 927 |
# |
# |
|a BB
|
| 980 |
# |
# |
|a Thư viện Trường Đại học Đà Lạt
|